<?xml version="1.0" encoding="UTF-8"?>
<collection xmlns="http://www.loc.gov/MARC21/slim">
 <record>
  <leader>01410nam a22002057a 4500</leader>
  <controlfield tag="001">NCT_4_019399</controlfield>
  <controlfield tag="008">250513b        xxu||||| |||| 00| 0 vie d</controlfield>
  <datafield tag="999" ind1=" " ind2=" ">
   <subfield code="c">8943</subfield>
   <subfield code="d">8943</subfield>
  </datafield>
  <datafield tag="020" ind1=" " ind2=" ">
   <subfield code="a">9786044008219</subfield>
   <subfield code="c">190000</subfield>
  </datafield>
  <datafield tag="082" ind1="0" ind2="4">
   <subfield code="2">23rd ed.</subfield>
   <subfield code="a">658.8</subfield>
   <subfield code="b">Y600</subfield>
  </datafield>
  <datafield tag="100" ind1="1" ind2=" ">
   <subfield code="a">Nguyễn Thị Hoàng Yến</subfield>
  </datafield>
  <datafield tag="245" ind1="1" ind2="0">
   <subfield code="a">Kinh doanh dịch vụ tại Việt Nam :</subfield>
   <subfield code="b">Tự tay vận hành hoạt động marketing của bạn</subfield>
   <subfield code="c">Nguyễn Thị Hoàng Yến</subfield>
  </datafield>
  <datafield tag="260" ind1=" " ind2=" ">
   <subfield code="a">H.</subfield>
   <subfield code="b">Dân Trí</subfield>
   <subfield code="c">2024</subfield>
  </datafield>
  <datafield tag="300" ind1=" " ind2=" ">
   <subfield code="a">356 tr.</subfield>
   <subfield code="b">Minh họa</subfield>
   <subfield code="c">22 cm</subfield>
  </datafield>
  <datafield tag="520" ind1="3" ind2=" ">
   <subfield code="a">Cuốn sách trình bày giá trị của kinh doanh dịch vụ tại Việt Nam, nêu ra những sai lầm thực tế của doanh nghiệp dịch vụ tại Việt Nam, nội dung đúc kết từ hơn 20 năm tư vấn chuyên sâu của tác giả, các giải pháp tối ưu cung cấp dịch vụ, nghiên cứu và cải thiện chất lượng dịch vụ khách hàng</subfield>
  </datafield>
  <datafield tag="653" ind1=" " ind2=" ">
   <subfield code="a">Quản trị kinh doanh</subfield>
  </datafield>
  <datafield tag="942" ind1=" " ind2=" ">
   <subfield code="2">ddc</subfield>
   <subfield code="c">BK</subfield>
  </datafield>
  <datafield tag="952" ind1=" " ind2=" ">
   <subfield code="0">0</subfield>
   <subfield code="1">0</subfield>
   <subfield code="2">ddc</subfield>
   <subfield code="4">0</subfield>
   <subfield code="6">658_800000000000000_Y600</subfield>
   <subfield code="7">0</subfield>
   <subfield code="9">30677</subfield>
   <subfield code="a">000001</subfield>
   <subfield code="b">000001</subfield>
   <subfield code="d">2025-05-13</subfield>
   <subfield code="o">658.8 Y600</subfield>
   <subfield code="p">MD.23789</subfield>
   <subfield code="r">2025-05-13</subfield>
   <subfield code="v">190000.00</subfield>
   <subfield code="w">2025-05-13</subfield>
   <subfield code="y">BK</subfield>
  </datafield>
  <datafield tag="952" ind1=" " ind2=" ">
   <subfield code="0">0</subfield>
   <subfield code="1">0</subfield>
   <subfield code="2">ddc</subfield>
   <subfield code="4">0</subfield>
   <subfield code="6">658_800000000000000_Y600</subfield>
   <subfield code="7">0</subfield>
   <subfield code="9">30678</subfield>
   <subfield code="a">000001</subfield>
   <subfield code="b">000001</subfield>
   <subfield code="d">2025-05-13</subfield>
   <subfield code="l">1</subfield>
   <subfield code="o">658.8 Y600</subfield>
   <subfield code="p">MD.23790</subfield>
   <subfield code="r">2025-09-26</subfield>
   <subfield code="s">2025-09-19</subfield>
   <subfield code="v">190000.00</subfield>
   <subfield code="w">2025-05-13</subfield>
   <subfield code="y">BK</subfield>
  </datafield>
  <datafield tag="980" ind1=" " ind2=" ">
   <subfield code="a">Thư viện Trường Đại học Nam Cần Thơ</subfield>
  </datafield>
 </record>
</collection>
